[Event "AUT-ch"]
[Site "Zwettl"]
[Date "2012.07.26"]
[Round "6"]
[White "Matt, Fabian"]
[Black "Frank, Emanuel"]
[Result "1/2-1/2"]
[WhiteElo "2211"]
[BlackElo "2053"]
[PlyCount "95"]
[EventDate "2012.07.21"]
[EventType "swiss"]
[EventRounds "9"]
[EventCountry "AUT"]
[SourceTitle "CBM 149 Extra"]
[Source "ChessBase"]
[SourceDate "2012.08.24"]
[SourceVersion "1"]
[SourceVersionDate "2012.08.24"]
[SourceQuality "1"]

1. e4 e5 2. Nf3 Nc6 3. c3 Nf6 4. d4 Nxe4 5. d5 Ne7 6. Nxe5 Ng6 7. Qd4 Qf6 8.
Qxe4 Qxe5 9. Qxe5+ Nxe5 10. Bf4 d6 11. Na3 a6 12. O-O-O Bf5 13. Nc4 Nxc4 14.
Bxc4 Be7 15. Bd3 Bxd3 16. Rxd3 Kd7 17. Re1 Rae8 18. Kc2 Bf6 19. Rde3 Rxe3 20.
Rxe3 h5 21. Re4 g6 22. Be3 Re8 23. Rb4 b6 24. Rf4 Ke7 25. Ra4 Ra8 26. g3 Bg7
27. Kd3 Kd7 28. Rf4 f5 29. Ra4 Bf6 30. h4 Kc8 31. f3 Kb7 32. Rb4 Be5 33. Bf2
Rg8 34. a4 a5 35. Rb5 Ra8 36. Rb3 Rh8 37. Ra3 Bf6 38. Ra1 Re8 39. Rg1 Re5 40.
c4 Re8 41. b3 Kc8 42. g4 hxg4 43. fxg4 fxg4 44. Rxg4 Rh8 45. Rf4 Bd8 46. Rg4
Rh5 47. Rf4 Rh8 48. Rg4 1/2-1/2

[Event "corr freechess 2012"]
[Site "freechess.de"]
[Date "2012.07.26"]
[Round "?"]
[White "Kevekordes, Peter"]
[Black "Rudolf, Pit"]
[Result "1/2-1/2"]
[WhiteElo "2199"]
[BlackElo "2056"]
[PlyCount "81"]
[EventDate "2012.??.??"]
[EventType "tourn (corr)"]
[SourceTitle "OM Corr 202003"]
[Source "Opening Master"]
[SourceDate "2019.05.30"]
[SourceVersion "2"]
[SourceVersionDate "2019.05.30"]
[SourceQuality "1"]

1. e4 e5 2. Nf3 Nc6 3. c3 d5 4. Qa4 Qd6 5. d3 a6 6. Be2 Nf6 7. O-O Be7 8. Nbd2
O-O 9. Qc2 Re8 10. Re1 h6 11. b4 Be6 12. a4 b5 13. exd5 Nxd5 14. Ne4 Qd7 15.
Bd2 Bf5 16. Ng3 Be6 17. Bf1 f6 18. d4 exd4 19. axb5 axb5 20. Rxa8 Rxa8 21. Bxb5
dxc3 22. Bxc3 Rb8 23. Nd4 Nxd4 24. Bxd7 Nxc2 25. Bxe6+ Kf8 26. Bxd5 Nxe1 27.
Bxe1 Bxb4 28. Kf1 g6 29. Bxb4+ Rxb4 30. Ke2 f5 31. Kd3 Rb1 32. h4 Ke7 33. h5
Rd1+ 34. Kc4 f4 35. Ne2 g5 36. g4 fxg3 37. fxg3 Kf6 38. Be4 Ke5 39. Bd3 Rh1 40.
Bg6 g4 41. Kc5 1/2-1/2

[Event "Pinneberg op Seniors 13th"]
[Site "Pinneberg"]
[Date "2012.07.19"]
[Round "5"]
[White "Falk, Rolf"]
[Black "Sachse, Theo"]
[Result "1-0"]
[WhiteElo "1224"]
[BlackElo "1261"]
[PlyCount "114"]
[EventDate "2012.06.21"]
[EventType "swiss"]
[EventRounds "7"]
[EventCountry "GER"]
[SourceTitle "EXT 2013"]
[Source "ChessBase"]
[SourceDate "2012.11.22"]
[SourceVersion "1"]
[SourceVersionDate "2012.11.22"]
[SourceQuality "1"]

1. e4 e5 2. Nf3 Nc6 3. c3 Nf6 4. d3 Bc5 5. b4 Bb6 6. b5 Ne7 7. Be2 Ng4 8. d4
Nf6 9. Nbd2 exd4 10. cxd4 O-O 11. O-O a6 12. Bb2 axb5 13. Bxb5 Ba5 14. Bd3 Nc6
15. Nc4 d5 16. Nxa5 Rxa5 17. e5 Ne4 18. a3 Bg4 19. Be2 Bxf3 20. Bxf3 Ng5 21.
Be2 Ne6 22. Bc3 Ra8 23. f4 Qh4 24. Qd2 Rab8 25. g3 Qd8 26. f5 Ng5 27. f6 Ne4
28. Qd3 gxf6 29. exf6 Nxf6 30. Qf5 Qe7 31. Qg5+ Kh8 32. Qxf6+ Qxf6 33. Rxf6
Rbe8 34. Bf3 Kg7 35. Rf5 Kg6 36. Rf4 Re3 37. Bb4 Rfe8 38. Bxd5 f5 39. Bxc6 bxc6
40. Bc5 h5 41. a4 Kg5 42. a5 h4 43. Rxh4 Re1+ 44. Rxe1 Rxe1+ 45. Kf2 Ra1 46.
Bb4 Ra2+ 47. Ke3 Rb2 48. Bd2 Rb3+ 49. Ke2+ Kg6 50. Rf4 Ra3 51. Rf3 Ra4 52. Rf4
Kg5 53. h4+ Kg6 54. Kd3 Kf6 55. d5 Ra3+ 56. Bc3+ Rxc3+ 57. Kxc3 cxd5 1-0

[Event "Spachess-D"]
[Site "Gray"]
[Date "2012.07.18"]
[Round "5.1"]
[White "Yalcin, Bilal"]
[Black "Van Lenthe, Bernard"]
[Result "1/2-1/2"]
[WhiteElo "1555"]
[BlackElo "1558"]
[PlyCount "75"]
[EventDate "2012.??.??"]
[EventRounds "9"]
[EventCountry "FRA"]
[SourceTitle "OM OTB B 201907"]
[Source "Opening Master"]
[SourceDate "2019.07.06"]
[SourceVersion "2"]
[SourceVersionDate "2019.07.06"]
[SourceQuality "1"]

1. e4 e5 2. Nf3 Nc6 3. c3 Bc5 4. d4 exd4 5. cxd4 Bb4+ 6. Nc3 h6 7. Bc4 d6 8.
O-O Nge7 9. Nd5 Nxd5 10. exd5 Ne7 11. Qa4+ Qd7 12. Bb5 c6 13. dxc6 bxc6 14. Bc4
d5 15. Ne5 Qb7 16. a3 Bd6 17. Ba2 Bxe5 18. dxe5 O-O 19. Be3 Re8 20. Bc5 Ng6 21.
Bxd5 Bd7 22. e6 cxd5 23. exd7 Red8 24. b4 Rxd7 25. Rfe1 Nf4 26. Qb3 d4 27. Qg3
Ne6 28. Qe5 Qd5 29. Rad1 Rc8 30. Qxd5 Rxd5 31. Bxa7 Ra8 32. Bc5 Rxa3 33. Be7
Rb3 34. Re4 d3 35. Bc5 Nxc5 36. bxc5 Rxc5 37. Rd4 f6 38. f4 1/2-1/2

[Event "Barcelona Sant Marti op-A 14th"]
[Site "Barcelona"]
[Date "2012.07.16"]
[Round "4"]
[White "Kopaloff, Nick"]
[Black "Minguez Rodriguez, Raul"]
[Result "1/2-1/2"]
[WhiteElo "2075"]
[BlackElo "2237"]
[PlyCount "36"]
[EventDate "2012.07.13"]
[EventType "swiss"]
[EventRounds "9"]
[EventCountry "ESP"]
[SourceTitle "CBM 149 Extra"]
[Source "ChessBase"]
[SourceDate "2012.08.24"]
[SourceVersion "1"]
[SourceVersionDate "2012.08.24"]
[SourceQuality "1"]

1. e4 e5 2. Nf3 Nc6 3. c3 Nf6 4. d4 Nxe4 5. d5 Ne7 6. Nxe5 Ng6 7. Bd3 Nxe5 8.
Bxe4 Bc5 9. Qh5 Qf6 10. O-O h6 11. Nd2 d6 12. h3 Bb6 13. Bc2 Qg5 14. Qxg5 hxg5
15. Re1 Kf8 16. Nf1 g4 17. hxg4 Bxg4 18. Be3 Re8 1/2-1/2

[Event "CZE-chT rap"]
[Site "Pardubice"]
[Date "2012.07.14"]
[Round "4.3"]
[White "Umanec, Filip"]
[Black "Kozak, Milos"]
[Result "1/2-1/2"]
[WhiteElo "2303"]
[BlackElo "2192"]
[PlyCount "45"]
[EventDate "2012.07.12"]
[EventType "team-swiss"]
[EventRounds "7"]
[EventCountry "CZE"]
[SourceTitle "EXT 2013"]
[Source "ChessBase"]
[SourceDate "2012.11.22"]
[SourceVersion "1"]
[SourceVersionDate "2012.11.22"]
[SourceQuality "1"]

1. e4 e5 2. Nf3 Nc6 3. c3 d5 4. d3 dxe4 5. dxe4 Qxd1+ 6. Kxd1 Bc5 7. Be3 Bxe3
8. fxe3 f6 9. Nbd2 Be6 10. Bc4 Bxc4 11. Nxc4 Nh6 12. Ke2 O-O-O 13. b4 Nf7 14.
g4 Nd6 15. Ncd2 Nf7 16. a4 h5 17. Rag1 hxg4 18. Rxg4 Rdg8 19. Rhg1 Rh7 20. Rg6
Ne7 21. R6g4 Kd7 22. Nb3 b6 23. Nbd2 1/2-1/2

[Event "TUR-chT"]
[Site "Konya"]
[Date "2012.07.13"]
[Round "3"]
[White "Komut, Burak"]
[Black "Zeytinoglu, Nasir Ekin"]
[Result "1-0"]
[WhiteElo "2008"]
[BlackElo "2026"]
[PlyCount "51"]
[EventDate "2012.07.11"]
[EventType "team-tourn"]
[EventRounds "13"]
[EventCountry "TUR"]
[SourceTitle "CBM 149 Extra"]
[Source "ChessBase"]
[SourceDate "2012.08.24"]
[SourceVersion "1"]
[SourceVersionDate "2012.08.24"]
[SourceQuality "1"]
[WhiteTeam "Tarsus Zeka"]
[BlackTeam "Istanbul Aquamatch"]
[WhiteTeamCountry "TUR"]
[BlackTeamCountry "TUR"]

1. e4 e5 2. Nf3 Nc6 3. c3 Nf6 4. d4 d5 5. Bb5 Nxe4 6. Nxe5 Bd7 7. Nxd7 Qxd7 8.
O-O O-O-O 9. b4 h5 10. Bd3 f5 11. f3 Nd6 12. a4 Kb8 13. a5 Rg8 14. Qb3 Ne7 15.
b5 g5 16. b6 cxb6 17. axb6 a6 18. Ba3 Ndc8 19. Nd2 f4 20. Bc5 Nf5 21. Bxa6 Bxc5
22. dxc5 bxa6 23. Rxa6 Qc6 24. Qa3 Nfd6 25. Ra1 Nb5 26. Ra8+ 1-0

[Event "Maravilhosa op 3rd"]
[Site "Laranjeiras"]
[Date "2012.07.13"]
[Round "1"]
[White "Giese, Ellen Cristine"]
[Black "Dos Santos, Haroldo Cunha"]
[Result "0-1"]
[WhiteElo "1850"]
[BlackElo "2244"]
[PlyCount "100"]
[EventDate "2012.07.13"]
[EventType "swiss"]
[EventRounds "6"]
[EventCountry "BRA"]
[SourceTitle "CBM 149 Extra"]
[Source "ChessBase"]
[SourceDate "2012.08.24"]
[SourceVersion "1"]
[SourceVersionDate "2012.08.24"]
[SourceQuality "1"]

1. e4 e5 2. Nf3 Nc6 3. c3 Qf6 4. d3 d6 5. Bg5 Qg6 6. Nbd2 h6 7. Bh4 f5 8. exf5
Bxf5 9. Nc4 Be6 10. Bg3 Nf6 11. Qb3 Bd5 12. Qd1 Qf7 13. Be2 Be7 14. O-O O-O 15.
Nh4 Be6 16. Ne3 g5 17. Nhf5 Qg6 18. Nxe7+ Nxe7 19. d4 e4 20. c4 Kh8 21. Rc1 Rf7
22. f3 Nh5 23. d5 Nxg3 24. Qd4+ Qg7 25. Qxg7+ Rxg7 26. hxg3 exf3 27. gxf3 Bg8
28. Kg2 Re8 29. Rh1 Bh7 30. Kf2 Ng8 31. Ng4 Rge7 32. Rce1 Kg7 33. Bd1 Bd3 34.
Rxe7+ Rxe7 35. b3 a5 36. Ne3 Nf6 37. Bc2 Rxe3 38. Kxe3 Bxc2 39. Re1 Kf7 40. Kd4
b6 41. Rc1 Bg6 42. a3 Nh5 43. g4 Nf4 44. Rh1 h5 45. b4 axb4 46. axb4 h4 47. c5
Ke7 48. Re1+ Kd8 49. Kc4 dxc5 50. bxc5 Bf7 0-1

[Event "League division A2"]
[Site "http://gameknot.com/chess.pl?"]
[Date "2012.07.13"]
[Round "?"]
[White "henrycrun"]
[Black "aboveoeuf"]
[Result "1/2-1/2"]
[WhiteElo "2305"]
[BlackElo "2409"]
[PlyCount "51"]
[EventDate "2012.??.??"]
[SourceTitle "OM Portal C 201906"]
[Source "Opening Master"]
[SourceDate "2019.06.27"]
[SourceVersion "1"]
[SourceVersionDate "2019.06.27"]
[SourceQuality "1"]

1. e4 e5 2. Nf3 Nc6 3. c3 Nf6 4. d4 Nxe4 5. d5 Ne7 6. Nxe5 Ng6 7. Nxg6 hxg6 8.
Bd3 Nc5 9. O-O Nxd3 10. Qxd3 Be7 11. Re1 O-O 12. Qe2 Bf6 13. Nd2 d6 14. Ne4 Bh4
15. g3 Be7 16. Bd2 Bf5 17. c4 Re8 18. Bc3 c5 19. Qf3 Qd7 20. h4 a6 21. Re3 b5
22. Rae1 Bf8 23. b3 Re7 24. g4 Bxe4 25. Rxe4 Rae8 26. g5 1/2-1/2

[Event "La Fere op 11th"]
[Site "La Fere"]
[Date "2012.07.12"]
[Round "7"]
[White "Rodrigues, Michel"]
[Black "Feryn, Benjamin"]
[Result "0-1"]
[WhiteElo "1697"]
[BlackElo "2112"]
[PlyCount "80"]
[EventDate "2012.07.07"]
[EventType "swiss"]
[EventRounds "9"]
[EventCountry "FRA"]
[SourceTitle "CBM 149 Extra"]
[Source "ChessBase"]
[SourceDate "2012.08.24"]
[SourceVersion "1"]
[SourceVersionDate "2012.08.24"]
[SourceQuality "1"]

1. e4 e5 2. Nf3 Nc6 3. c3 d5 4. exd5 Qxd5 5. d3 Bg4 6. Be2 O-O-O 7. O-O Bxf3 8.
Bxf3 Qxd3 9. Qa4 Nge7 10. Rd1 Qa6 11. Rxd8+ Kxd8 12. Qxa6 bxa6 13. Be3 f5 14.
Bc5 e4 15. Be2 a5 16. Bc4 Ng6 17. Ba3 Nge5 18. Nd2 Bxa3 19. bxa3 Ke7 20. Be2
Rd8 21. Rd1 Nd3 22. Nc4 Nf4 23. Rxd8 Kxd8 24. Kf1 Nd5 25. Ne3 Nxe3+ 26. fxe3
Ne5 27. h3 Ke7 28. Ke1 g5 29. g3 Kd6 30. Kd2 Kc5 31. Kc2 Nf3 32. a4 h5 33. h4
gxh4 34. gxh4 Kd5 35. Kd1 Ke5 36. Bxf3 exf3 37. Ke1 Ke4 38. Kf2 f4 39. exf4
Kxf4 40. c4 c5 0-1

[Event "SVK-ch op-A"]
[Site "Banska Stiavnica"]
[Date "2012.07.12"]
[Round "6"]
[White "Gazik, Igor"]
[Black "Biolek, Richard Jr"]
[Result "0-1"]
[WhiteElo "2311"]
[BlackElo "2404"]
[PlyCount "140"]
[EventDate "2012.07.07"]
[EventType "swiss"]
[EventRounds "9"]
[EventCountry "SVK"]
[SourceTitle "CBM 149 Extra"]
[Source "ChessBase"]
[SourceDate "2012.08.24"]
[SourceVersion "1"]
[SourceVersionDate "2012.08.24"]
[SourceQuality "1"]

1. e4 e5 2. Nf3 Nc6 3. c3 Nf6 4. d4 Nxe4 5. d5 Ne7 6. Nxe5 Ng6 7. Nxg6 hxg6 8.
Qe2 Qe7 9. Na3 Nf6 10. Nb5 Nxd5 11. c4 Qxe2+ 12. Bxe2 a6 13. cxd5 axb5 14. Bxb5
Bd6 15. g3 Rh5 16. Bc4 Ra4 17. b3 Be5 18. bxa4 Bxa1 19. O-O d6 20. Be3 Bc3 21.
Rc1 Ba5 22. Bd4 f6 23. h4 Kd8 24. Rb1 b6 25. f4 Bf5 26. Rc1 Bd2 27. Rd1 Bb4 28.
Bd3 Bg4 29. Rb1 Bc5 30. Bxc5 Rxd5 31. Bxb6 Rxd3 32. Bf2 Ra3 33. Rb8+ Ke7 34.
Rb7 Kd7 35. Ra7 Rxa2 36. Bd4 Bf3 37. Kf1 Kc8 38. Ra5 c5 39. Be3 Be2+ 40. Ke1
Kb7 41. Bxc5 dxc5 42. Rxc5 Bg4 43. a5 f5 44. Re5 Bh5 45. Kf1 Ka6 46. Re7 Rxa5
47. Rxg7 Ra1+ 48. Kf2 Ra2+ 49. Kf1 Kb5 50. Re7 Kc4 51. Re3 Kd4 52. Rb3 Rd2 53.
Ra3 Rd3 54. Ra4+ Ke3 55. Kg2 Bf3+ 56. Kh3 Bg4+ 57. Kg2 Bf3+ 58. Kh3 Rd2 59.
Ra3+ Kf2 60. h5 gxh5 61. Kh4 Bg4 62. Rb3 Re2 63. Ra3 Re3 64. Ra2+ Kf3 65. Rb2
Re2 66. Rb3+ Ke4 67. Ra3 Rh2+ 68. Kg5 Rh3 69. Rb3 Kd4 70. Ra3 Kc4 0-1

[Event "Team match"]
[Site "http://gameknot.com/chess.pl?"]
[Date "2012.07.12"]
[Round "?"]
[White "superpom"]
[Black "capablancaven"]
[Result "1/2-1/2"]
[WhiteElo "2163"]
[BlackElo "2196"]
[PlyCount "52"]
[EventDate "2012.??.??"]
[SourceTitle "OM Portal C 201906"]
[Source "Opening Master"]
[SourceDate "2019.06.27"]
[SourceVersion "1"]
[SourceVersionDate "2019.06.27"]
[SourceQuality "1"]

1. e4 e5 2. Nf3 Nc6 3. c3 d5 4. Qa4 Nf6 5. Nxe5 Bd6 6. Nxc6 bxc6 7. d3 O-O 8.
Be2 Re8 9. Bg5 dxe4 10. dxe4 h6 11. Bxf6 Qxf6 12. Nd2 Rb8 13. Qc2 Qg5 14. g3
Bh3 15. O-O-O Bg2 16. f4 Qa5 17. Rhg1 Bxe4 18. Nxe4 Ba3 19. Bc4 Rxb2 20. Nf6+
Kf8 21. Nh7+ Kg8 22. Nf6+ Kf8 23. Nh7+ Kg8 24. Nf6+ Kf8 25. Nh7+ Kg8 26. Nf6+
Kf8 1/2-1/2

[Event "corr freechess 2012"]
[Site "freechess.de"]
[Date "2012.07.12"]
[Round "?"]
[White "Fant, Serge"]
[Black "Boettner, Juergen"]
[Result "0-1"]
[WhiteElo "1427"]
[BlackElo "1532"]
[PlyCount "72"]
[EventDate "2012.??.??"]
[EventType "tourn (corr)"]
[SourceTitle "OM Corr 202003"]
[Source "Opening Master"]
[SourceDate "2019.05.30"]
[SourceVersion "2"]
[SourceVersionDate "2019.05.30"]
[SourceQuality "1"]

1. e4 e5 2. Nf3 Nc6 3. c3 d5 4. exd5 Qxd5 5. Qe2 Nf6 6. c4 Qd6 7. d3 Qb4+ 8.
Qd2 Qxd2+ 9. Bxd2 Bc5 10. Bg5 Nb4 11. Kd1 Bg4 12. a3 Nc6 13. Nbd2 O-O-O 14. Be2
Bxf3 15. Nxf3 e4 16. Bxf6 gxf6 17. Nd2 exd3 18. Bg4+ Kb8 19. f4 Be3 20. Bf3
Bxf4 21. g3 Be5 22. Rb1 Nd4 23. Bh5 Rd7 24. Rc1 Rg8 25. Rb1 Rg5 26. Bf3 h5 27.
Ne4 Rf5 28. Nd2 Rxf3 29. Nxf3 Nxf3 30. b4 d2 31. Rf1 Nxh2 32. Rf2 Ng4 33. Re2
a6 34. c5 c6 35. a4 Bxg3 36. Rb3 Nf2+ 0-1

[Event "SRB Central-ch op-B 5th"]
[Site "Paracin"]
[Date "2012.07.11"]
[Round "7"]
[White "Radovic, Janko"]
[Black "Khafizova, Yana"]
[Result "1-0"]
[WhiteElo "2024"]
[BlackElo "1934"]
[PlyCount "31"]
[EventDate "2012.07.06"]
[EventType "swiss"]
[EventRounds "9"]
[EventCountry "SRB"]
[SourceTitle "CBM 149 Extra"]
[Source "ChessBase"]
[SourceDate "2012.08.24"]
[SourceVersion "1"]
[SourceVersionDate "2012.08.24"]
[SourceQuality "1"]

1. e4 e5 2. Nf3 Nc6 3. c3 Nf6 4. d4 Nxe4 5. d5 Ne7 6. Nxe5 Ng6 7. Nxg6 hxg6 8.
Qe2 Qe7 9. Bf4 d6 10. Na3 Bd7 11. O-O-O O-O-O 12. f3 Nf6 13. Qf2 Bf5 14. Qxa7
c6 15. dxc6 bxc6 16. Ba6+ 1-0

[Event "Samara Polugaevsky Memorial 2nd"]
[Site "Samara"]
[Date "2012.07.11"]
[Round "7"]
[White "Fatkhutdinov, Gafiyat"]
[Black "Iljushin, Alexei"]
[Result "1/2-1/2"]
[WhiteElo "2354"]
[BlackElo "2517"]
[PlyCount "152"]
[EventDate "2012.07.05"]
[EventType "swiss"]
[EventRounds "9"]
[EventCountry "RUS"]
[SourceTitle "CBM 149 Extra"]
[Source "ChessBase"]
[SourceDate "2012.08.24"]
[SourceVersion "1"]
[SourceVersionDate "2012.08.24"]
[SourceQuality "1"]

1. e4 e5 2. Nf3 Nc6 3. c3 d5 4. Qa4 Bd7 5. exd5 Nd4 6. Qd1 Nxf3+ 7. Qxf3 Nf6 8.
Bc4 c6 9. d4 exd4 10. Qe2+ Qe7 11. dxc6 Qxe2+ 12. Kxe2 Bxc6 13. cxd4 Bxg2 14.
Rg1 Rc8 15. Bb3 Bd5 16. Nc3 Bxb3 17. axb3 a6 18. Bg5 Rc6 19. Kd3 Kd7 20. Rae1
Rb6 21. Kc2 Bb4 22. Re2 Re8 23. Rxe8 Nxe8 24. Be3 g6 25. h3 f5 26. Ne2 Nf6 27.
Nc3 Re6 28. Kd3 Bd6 29. f3 Nh5 30. Ne2 Re8 31. Rc1 Rf8 32. Bd2 Re8 33. Ra1 Ng7
34. Nc3 Rd8 35. Re1 Nh5 36. Ne2 Re8 37. Ra1 Re6 38. Rc1 Bb8 39. Re1 Nf6 40. Ra1
Rb6 41. Kc2 Nd5 42. Rh1 Bd6 43. Ra1 Be7 44. Rg1 Bf6 45. Ra1 g5 46. Rg1 f4 47.
Re1 Be7 48. Nc1 Rh6 49. Rh1 Rc6+ 50. Kd3 h6 51. Re1 Nb4+ 52. Ke4 Rc2 53. Bc3
Rh2 54. Kf5 Nc2 55. Re2 Ne3+ 56. Ke4 Rxh3 57. d5 Nf1 58. Re1 Ng3+ 59. Ke5 Bd6+
60. Kf6 Rh1 61. Rxh1 Nxh1 62. Nd3 g4 63. fxg4 f3 64. Be1 Ng3 65. Kg6 Ne4 66. b4
Bh2 67. Kxh6 Kd6 68. g5 Kxd5 69. g6 Kc4 70. g7 Nf6 71. Nc5 Be5 72. Nxb7 f2 73.
Bxf2 Ng4+ 74. Kg5 Bxg7 75. Kxg4 Kxb4 76. Bc5+ Kb3 1/2-1/2

[Event "SRB Central-ch op-A 5th"]
[Site "Paracin"]
[Date "2012.07.10"]
[Round "5"]
[White "Brankovic, Dejan"]
[Black "Blazeka, Matej"]
[Result "1/2-1/2"]
[WhiteElo "2349"]
[BlackElo "2216"]
[PlyCount "38"]
[EventDate "2012.07.06"]
[EventType "swiss"]
[EventRounds "9"]
[EventCountry "SRB"]
[SourceTitle "CBM 149 Extra"]
[Source "ChessBase"]
[SourceDate "2012.08.24"]
[SourceVersion "1"]
[SourceVersionDate "2012.08.24"]
[SourceQuality "1"]

1. e4 e5 2. Nf3 Nc6 3. c3 d5 4. Bb5 dxe4 5. Nxe5 Qg5 6. Qa4 Qxg2 7. Bxc6+ bxc6
8. Qxc6+ Kd8 9. Rf1 Bh3 10. Qxa8+ Ke7 11. Kd1 Qxf1+ 12. Kc2 Bf5 13. Na3 f6 14.
Nc6+ Kf7 15. Nd4 Qd3+ 16. Kb3 Bg4 17. Nac2 Bd1 18. Qd5+ Kg6 19. Qf5+ Kf7
1/2-1/2

[Event "La Fere op 11th"]
[Site "La Fere"]
[Date "2012.07.09"]
[Round "4"]
[White "Vekemans, Denis"]
[Black "Van Poucke, Philippe"]
[Result "1-0"]
[WhiteElo "1980"]
[BlackElo "1700"]
[PlyCount "75"]
[EventDate "2012.07.07"]
[EventType "swiss"]
[EventRounds "9"]
[EventCountry "FRA"]
[SourceTitle "CBM 149 Extra"]
[Source "ChessBase"]
[SourceDate "2012.08.24"]
[SourceVersion "1"]
[SourceVersionDate "2012.08.24"]
[SourceQuality "1"]

1. e4 e5 2. Nf3 Nc6 3. c3 Nf6 4. d3 Bc5 5. Be2 d5 6. Qc2 O-O 7. O-O d4 8. Nbd2
Bg4 9. h3 Bd7 10. a3 a5 11. cxd4 Bxd4 12. Nb3 Bb6 13. Bg5 h6 14. Be3 Nh7 15.
Nc5 Bc8 16. Rac1 Re8 17. Rfd1 Nf8 18. d4 Bxc5 19. dxe5 Bxe3 20. Rxd8 Bxf2+ 21.
Kxf2 Rxd8 22. Bb5 Bd7 23. Rd1 Ne6 24. Bc4 Kf8 25. Kg1 Rab8 26. Qf2 Kg8 27. Rf1
b5 28. Bd5 Ne7 29. Nh4 Rf8 30. Nf5 Nxd5 31. exd5 Ng5 32. h4 Ne4 33. Qe3 Bxf5
34. Rxf5 g6 35. Rf1 f5 36. Qxh6 g5 37. hxg5 Ng3 38. g6 1-0

[Event "Hamburg St Pauli op"]
[Site "Hamburg"]
[Date "2012.07.09"]
[Round "3"]
[White "Kock, Stefan"]
[Black "Kololli, Kevin"]
[Result "1/2-1/2"]
[WhiteElo "2178"]
[BlackElo "1829"]
[PlyCount "94"]
[EventDate "2012.07.07"]
[EventType "swiss"]
[EventRounds "9"]
[EventCountry "GER"]
[SourceTitle "EXT 2013"]
[Source "ChessBase"]
[SourceDate "2012.11.22"]
[SourceVersion "1"]
[SourceVersionDate "2012.11.22"]
[SourceQuality "1"]

1. e4 e5 2. Nf3 Nc6 3. c3 Nf6 4. d4 exd4 5. e5 Nd5 6. Qb3 Nb6 7. cxd4 d5 8. Bd3
Bg4 9. Nbd2 Bb4 10. Bb5 O-O 11. Bxc6 Bxd2+ 12. Bxd2 bxc6 13. Bg5 Qd7 14. h3 Bf5
15. Nh4 Nc4 16. Qc3 f6 17. exf6 Rfe8+ 18. Kf1 Qe6 19. Kg1 h6 20. Bxh6 Qxf6 21.
Nxf5 gxh6 22. b3 Qxf5 23. bxc4 dxc4 24. Qxc4+ Qd5 25. Rc1 Qxc4 26. Rxc4 Re2 27.
Rxc6 Rb8 28. h4 Rbb2 29. Rh3 Rxf2 30. Rg3+ Kf8 31. Rxc7 Rxa2 32. Rxa7 Rxg2+ 33.
Rxg2 Rxa7 34. Kf2 Kf7 35. Ke3 Ra5 36. Rg4 Kf6 37. Ke4 h5 38. Rg5 Rxg5 39. hxg5+
Kxg5 40. Ke5 h4 41. d5 h3 42. d6 h2 43. d7 h1=Q 44. d8=Q+ Kg4 45. Qg8+ Kh3 46.
Qh7+ Kg2 47. Qxh1+ Kxh1 1/2-1/2

[Event "Naantali op"]
[Site "Naantali"]
[Date "2012.07.08"]
[Round "9"]
[White "Mannerlehto, Miikka"]
[Black "Valkama, Arvo"]
[Result "1-0"]
[WhiteElo "1759"]
[BlackElo "1399"]
[PlyCount "65"]
[EventDate "2012.07.02"]
[EventType "swiss"]
[EventRounds "9"]
[EventCountry "FIN"]
[SourceTitle "CBM 149 Extra"]
[Source "ChessBase"]
[SourceDate "2012.08.24"]
[SourceVersion "1"]
[SourceVersionDate "2012.08.24"]
[SourceQuality "1"]

1. e4 e5 2. Nf3 Nc6 3. c3 Nf6 4. d3 Bc5 5. Be3 Bxe3 6. fxe3 d5 7. exd5 Nxd5 8.
e4 Nf4 9. g3 Ng6 10. Nbd2 f5 11. Qb3 f4 12. O-O-O a6 13. Be2 b5 14. Rhg1 b4 15.
cxb4 Rb8 16. a3 a5 17. Qc3 Nd4 18. Nxd4 exd4 19. Qc6+ Bd7 20. Qc4 axb4 21. axb4
fxg3 22. Rxg3 Ba4 23. Rf1 Rf8 24. Qe6+ Qe7 25. Rxf8+ Kxf8 26. Rf3+ Ke8 27.
Qxe7+ Kxe7 28. Rh3 h6 29. Rg3 Nf4 30. Bf1 Rxb4 31. Rxg7+ Kf6 32. Rxc7 Rb8 33.
Rc4 1-0

[Event "corr freechess 2012"]
[Site "freechess.de"]
[Date "2012.07.08"]
[Round "?"]
[White "Lenz, Mario"]
[Black "Gotsche, Sven"]
[Result "1/2-1/2"]
[WhiteElo "1385"]
[BlackElo "1563"]
[PlyCount "78"]
[EventDate "2012.??.??"]
[EventType "tourn (corr)"]
[SourceTitle "OM Corr 202003"]
[Source "Opening Master"]
[SourceDate "2019.05.30"]
[SourceVersion "2"]
[SourceVersionDate "2019.05.30"]
[SourceQuality "1"]

1. e4 e5 2. Nf3 Nc6 3. c3 g6 4. Bb5 Bg7 5. Bxc6 dxc6 6. h3 Nf6 7. d3 Qe7 8. Qb3
O-O 9. Bg5 h6 10. Bxf6 Bxf6 11. h4 Be6 12. Qxb7 Rab8 13. Qxa7 Rxb2 14. O-O Bxh4
15. Qa3 Qxa3 16. Nxa3 Be7 17. Nc4 Bxc4 18. dxc4 f6 19. a4 Ra8 20. Rfd1 Bd6 21.
a5 Rc2 22. Rdb1 Rxc3 23. Ra4 Kf7 24. Rb7 Ke6 25. a6 f5 26. a7 Bc5 27. Rxc7 Kd6
28. Rb7 fxe4 29. Nh4 Rc1+ 30. Kh2 Bxf2 31. Nxg6 e3 32. Ra2 Bg1+ 33. Kh3 e2 34.
Rxe2 Rxa7 35. Rxa7 Bxa7 36. Nxe5 Rh1+ 37. Kg4 h5+ 38. Kf5 Rf1+ 39. Kg5 Rh1
1/2-1/2

[Event "Kislovodsk Narzan op"]
[Site "Kislovodsk"]
[Date "2012.07.07"]
[Round "7"]
[White "Rumiantseva, Ksenia"]
[Black "Popov, Khristofor"]
[Result "1-0"]
[WhiteElo "1912"]
[BlackElo "1932"]
[PlyCount "48"]
[EventDate "2012.07.01"]
[EventType "swiss"]
[EventRounds "9"]
[EventCountry "RUS"]
[SourceTitle "EXT 2013"]
[Source "ChessBase"]
[SourceDate "2012.11.22"]
[SourceVersion "1"]
[SourceVersionDate "2012.11.22"]
[SourceQuality "1"]

1. e4 e5 2. Nf3 Nc6 3. c3 Nf6 4. d4 exd4 5. e5 Nd5 6. cxd4 d6 7. Bb5 Bd7 8. Qe2
Be7 9. O-O O-O 10. Qe4 Ncb4 11. Bxd7 Qxd7 12. a3 f5 13. Qe2 Na6 14. Qc4 Qe6 15.
Nc3 c6 16. Nxd5 cxd5 17. Qb3 dxe5 18. Nxe5 Nc5 19. Qd1 Bd6 20. dxc5 Bxe5 21.
Re1 Rfe8 22. Bf4 Bxf4 23. Rxe6 Rxe6 24. Qxd5 Rae8 1-0

[Event "SRB Central-ch op-B 5th"]
[Site "Paracin"]
[Date "2012.07.07"]
[Round "2"]
[White "Brankovan, Mario"]
[Black "Antic, Nenad"]
[Result "1/2-1/2"]
[WhiteElo "1854"]
[BlackElo "2031"]
[PlyCount "72"]
[EventDate "2012.07.06"]
[EventType "swiss"]
[EventRounds "9"]
[EventCountry "SRB"]
[SourceTitle "CBM 149 Extra"]
[Source "ChessBase"]
[SourceDate "2012.08.24"]
[SourceVersion "1"]
[SourceVersionDate "2012.08.24"]
[SourceQuality "1"]

1. e4 e5 2. Nf3 Nc6 3. c3 Nf6 4. Qc2 d5 5. d3 Be7 6. Be2 O-O 7. Bg5 h6 8. Bxf6
Bxf6 9. Nbd2 Be6 10. O-O a6 11. Rac1 Rc8 12. Rfd1 Qe7 13. a3 a5 14. Rb1 d4 15.
b4 dxc3 16. Qxc3 axb4 17. axb4 Ra8 18. Rdc1 Ra2 19. Bf1 Rc8 20. b5 Nd4 21. Qc5
Qd7 22. Nxd4 exd4 23. Nf3 b6 24. Qb4 Rca8 25. Qe1 Be7 26. Ne5 Qe8 27. g3 Ba3
28. Rc6 Bc5 29. f4 f6 30. f5 Bc8 31. Ng6 Bb7 32. Re6 Qf7 33. Qd1 R8a3 34. Rc1
Bc8 35. Rc6 Bb7 36. Re6 Rc3 1/2-1/2